Komparativní analýza podpor hospodaření v méně příznivých oblastech (LFA) v postkomunistických zemích střední evropy
Hospodárenie v menej priaznivých oblastiach prináša poľnohospodárom určité nevýhody, ktoré sú kompenzované tzv. platbami LFA. Komparatívna analýza týchto platieb v štyroch postkomunistických krajinách strednej Európy – Českej republike, Slovensku, Poľsku a Maďarsku. Popis systému platieb LFA a poro...
Enregistré dans:
| Auteur principal: | |
|---|---|
| Format: | Chapitre de livre |
| Langue: | tchèque |
| Sujets: | |
| Tags: |
Pas de tags, Soyez le premier à ajouter un tag!
|
MARC
| LEADER | 00000nla$a2200000$$$4500 | ||
|---|---|---|---|
| 001 | 0132550 | ||
| 005 | 20240209070843.4 | ||
| 041 | 0 | |a cze | |
| 044 | |a CZ | ||
| 245 | 1 | 0 | |a Komparativní analýza podpor hospodaření v méně příznivých oblastech (LFA) v postkomunistických zemích střední evropy |c Bohumila Svitáková |
| 520 | |a Hospodárenie v menej priaznivých oblastiach prináša poľnohospodárom určité nevýhody, ktoré sú kompenzované tzv. platbami LFA. Komparatívna analýza týchto platieb v štyroch postkomunistických krajinách strednej Európy – Českej republike, Slovensku, Poľsku a Maďarsku. Popis systému platieb LFA a porovnanie podmienok ich získania a výška ich sadzieb. Dopad platieb LFA na ekonomické výsledky poľnohospodárskych podnikov. | ||
| 610 | 2 | 0 | |a konkurencia |
| 610 | 2 | 0 | |a analýza komparatívna |
| 610 | 2 | 0 | |a Slovensko |
| 610 | 2 | 0 | |a Poľsko |
| 610 | 2 | 0 | |a Česko |
| 610 | 2 | 0 | |a výsledok hospodársky |
| 610 | 2 | 0 | |a dotácie |
| 610 | 2 | 0 | |a podnik poľnohospodársky |
| 610 | 2 | 0 | |a spolupráca hospodárska medzinárodná |
| 100 | 1 | |a Svitáková, Bohumila | |